000 00731nam a22002177a 4500
999 _c13612
_d13612
003 MIRAKIL
005 20191115141234.0
008 191115b tu ||||| |||| 00| 0 tur d
020 _a9756650036
040 _aTR-AnCHP
_cTR-AnCHP
041 _atur
_aeng
082 _a332.63209561015
_bA49o 2001
100 _aAkyıldız, Ali
245 1 0 _aOsmanlı dönemi tahvil ve hisse senetleri = "Ottoman securities" /
_cAli Akyıldız.
260 _aİstanbul :
_bTürk Ekonomi Bankası,
_c2001
300 _a532 s.:
_bfotg.;
_c30 sm.
504 _aKaynakça ve dizin vardır.
650 0 _9713
_aOsmanlı İmparatorluğu
_xEkonomik durum
_xTarih
650 0 _9710
_aOsmanlı İmparatorluğu
_xTahvil ve hisse senetleri
942 _2ddc
_cBKS